000 00656nam a2200193Ia 4500
003 GCL
008 140319s9999 xx 000 0 ara d
040 _aGCL /
_cGCL
082 0 4 _a341.23
_bع ا
100 1 _aعبدالله الاشعل
245 1 0 _aالامم المتحدة والعالم العربى فى ظل تحول النظام الدولى /
_cعبدالله الاشعل
300 _a254 ص
490 _aالهيئة العامة للاستعلامات
_v0
650 0 4 _aالامم المتحدة
650 0 4 _aالسلام الدولى
650 0 4 _aالمنظمات الدولية
650 0 4 _aمجلس الامن
942 _2ddc
_cBK
999 _c51772
_d51772